000 02329cam a22005054i 4500
003 PE-LiUPU
005 20250731184530.0
008 150623s r 000 0 d
020 _a0802843298
035 _a(Sirsi) i9780802843296
040 _aPE-LiUPU
_bspa
_cPE-LiUPU
_erda
049 _aPRUA
082 0 4 _a933
_bM42
_221
100 1 _aMendels, Doron,
_eautor.
245 1 4 _aThe rise and fall of Jewish Nationalism /
_cDoron Mendels.
264 1 _aMichigan :
_bWilliam B. Eerdmans Publishing Company,
_c1997.
300 _a450 páginas :
_bilustraciones fotos ;
_c23.5 centímetros
336 _atext
_2rdacontent
337 _aunmediated
_2rdamedia
338 _avolume
_2rdacarrier
504 _aIncluye bibliografía.
505 0 _aNationalism in the Hellenistic world in the third through first centuries B.C.E. -Nationalism and the concept of history in the Ancient Near East. -Jewish kingship in the hasmonean period. -The concept of territory: borders and boundaries (200-63 B.C.E.). -Jerusalem: Capital, temple, and cult (200-63 B.C.E.). -From militia to Army, 168-63 B.C.E. -The Jewish nationalistic movement - after the Roman occupation of Palestine. -Kingship after the Roman occupation-From Basilea to alternative concepts. -From the territorial to the A-Territorial (after the Roman Occupation). -Jerusalem and the temple, 63 B.C.E.-63 C.E. -The army, 63 B.C.E. -70 C.E. -Nationalism in revolution: the great war against Rome (66-70 C.E.).
526 _aP136
526 _aP135
526 _aP134
526 _aP133
526 _aP144
526 _aP143
526 _aP87
526 _aP35
526 _aP20
526 _aP14
526 _aP10
526 _aP06
650 0 4 _aJudaísmo y Estado.
650 0 4 _aJudaísmo
_xHistoria
_yPeríodo post-exílico, año 586 aC-210 dC.
650 0 4 _aJudios
_xHistoria
_y168 aC-135 dC.
650 0 4 _aNacionalismo judío.
942 _2ddc
_cBOOK
949 _a933 M42
_wDEWEY
_c1
_i45075
_lCCODEBUL1
_mBUL
_r0
_sY
_tBOOK
_u2015-6-24
_xTEOLOGIA
_PP35
_0COMPRA
_o.STAFF. Colección General
994 _aC0
_bPEPRU
596 _a1
999 _a933 M42
_wDEWEY
_c21959
_i45075
_d21959
_f2021-11-11
_g5
_lCCODEBUL1
_mBUL
_q1
_r0
_sY
_tBOOK
_u2015-6-24
_xTEOLOGIA
_PP35
_0COMPRA
_o.STAFF. Colección General
980 _81
_gALBERTO SANCHEZ Responsable de Automatización